|
|
|
|
| LEADER |
00900nam a2200277 4500 |
| 001 |
DLU090071203 |
| 005 |
##20090420 |
| 040 |
# |
# |
|a DLU
|b vie
|
| 041 |
# |
# |
|a vie
|
| 044 |
# |
# |
|a vn
|
| 100 |
# |
# |
|a Nguyễn Minh Đoan,
|c TS.
|
| 245 |
# |
# |
|a Về sự chồng chéo chức năng, nhiệm vụ giữa các cơ quan đảng và cơ quan nhà nước :
|b Nguyên nhân và giải pháp khắc phục /
|c Nguyễn Minh Đoan.
|
| 653 |
# |
# |
|a Cơ quan đảng
|
| 653 |
# |
# |
|a Cơ quan nhà nước
|
| 653 |
# |
# |
|a Chức năng
|
| 653 |
# |
# |
|a Nhiệm vụ
|
| 773 |
# |
# |
|t Nhà nước và pháp luật
|g Số 3(239), 2008, tr. 3-8
|
| 920 |
# |
# |
|a Phòng Tạp chí -- Trung tâm Thông tin - Thư viện Trường Đại học Đà Lạt
|
| 994 |
# |
# |
|a DLU
|
| 900 |
# |
# |
|a True
|
| 911 |
# |
# |
|a Nguyễn Thị Hồng Lê
|
| 925 |
# |
# |
|a G
|
| 926 |
# |
# |
|a A
|
| 927 |
# |
# |
|a BB
|
| 980 |
# |
# |
|a Thư viện Trường Đại học Đà Lạt
|